[Event "Hessen-ch U14/18 Girls"]
[Site "Bad Homburg"]
[Date "2012.??.??"]
[Round "5"]
[White "Lukas, Anne"]
[Black "Schmalhorst, Sophia"]
[Result "0-1"]
[WhiteElo "1479"]
[BlackElo "1866"]
[PlyCount "64"]
[EventDate "2012.04.??"]
[EventType "swiss"]
[EventRounds "9"]
[EventCountry "GER"]
[SourceTitle "EXT 2015"]
[Source "ChessBase"]
[SourceDate "2014.11.20"]
[SourceVersion "1"]
[SourceVersionDate "2014.11.20"]
[SourceQuality "1"]

1. d4 Nf6 2. c4 e6 3. Nc3 Be7 4. Bg5 0-0 5. Nf3 b6 6. e3 Bb7 7. Bd3 a6 8. 0-0 d6 9. b3 Nbd7 10. a4 c5 11. Bc2 cxd4 12. Nxd4 Rc8 13. Qd2 d5 14. cxd5 Bb4 15. Nde2 Qc7 16. Rac1 Bxd5 17. Bxf6 Nxf6 18. Qd3 Bxc3 19. Bb1 Qb7 20. Rxc3 Rxc3 21. Nxc3 Bxg2 22. Re1 Qf3 23. e4 Qg4 24. Qg3 Bf3 25. e5 Qxg3+ 26. hxg3 Nd5 27. Be4 Bxe4 28. Nxe4 Rc8 29. Rb1 Kf8 30. Kg2 Ke7 31. Nd6 Rc2 32. b4 f6 0-1

[Event "GER-chT U20 Girls"]
[Site "Osnabrueck"]
[Date "2011.12.29"]
[Round "6.1"]
[White "Tran, My Linh"]
[Black "Schmalhorst, Sophia"]
[Result "1/2-1/2"]
[WhiteElo "2013"]
[BlackElo "1895"]
[PlyCount "43"]
[EventDate "2011.12.27"]
[EventType "team-swiss"]
[EventRounds "7"]
[EventCountry "GER"]
[SourceTitle "CBM 146 Extra"]
[Source "ChessBase"]
[SourceDate "2012.02.29"]
[SourceVersion "1"]
[SourceVersionDate "2012.02.29"]
[SourceQuality "1"]
[WhiteTeam "Dortmund 1875 (W)"]
[BlackTeam "Chemnitz Aufbau (W)"]
[WhiteTeamCountry "GER"]
[BlackTeamCountry "GER"]

1. e4 e5 2. Nf3 Nc6 3. Nc3 Nf6 4. d4 exd4 5. Nxd4 Bb4 6. Nxc6 bxc6 7. Bd3 d5 8. exd5 cxd5 9. 0-0 0-0 10. Bg5 c6 11. Ne2 h6 12. Bh4 Be7 13. Nd4 Qc7 14. c3 Ng4 15. Bg3 Bd6 16. Bxd6 Qxd6 17. g3 Ne5 18. Bf5 Bxf5 19. Nxf5 Qf6 20. Qc2 Rab8 21. b3 Rfe8 22. Kg2 1/2-1/2

[Event "GER-chT U20 Girls"]
[Site "Osnabrueck"]
[Date "2011.12.28"]
[Round "3.1"]
[White "Schmalhorst, Sophia"]
[Black "Duessler, Stefanie"]
[Result "0-1"]
[WhiteElo "1895"]
[BlackElo "1950"]
[PlyCount "100"]
[EventDate "2011.12.27"]
[EventType "team-swiss"]
[EventRounds "7"]
[EventCountry "GER"]
[SourceTitle "CBM 146 Extra"]
[Source "ChessBase"]
[SourceDate "2012.02.29"]
[SourceVersion "1"]
[SourceVersionDate "2012.02.29"]
[SourceQuality "1"]
[WhiteTeam "Chemnitz Aufbau (W)"]
[BlackTeam "Nordhorn Blanke (W)"]
[WhiteTeamCountry "GER"]
[BlackTeamCountry "GER"]

1. e4 e6 2. d4 d5 3. Nd2 Nf6 4. e5 Nfd7 5. f4 c5 6. Ngf3 Nc6 7. Nb3 Qb6 8. c3 cxd4 9. Nbxd4 a6 10. Be2 Be7 11. 0-0 0-0 12. Kh1 Nc5 13. g4 f6 14. exf6 Bxf6 15. f5 exf5 16. Nxf5 Bxf5 17. gxf5 Ne7 18. Nd4 Qd6 19. Bg4 Nc6 20. Bf4 Be5 21. Qf3 Bxf4 22. Qxf4 Qxf4 23. Rxf4 Nd3 24. Rff1 Nxd4 25. cxd4 Rae8 26. Rad1 Nb4 27. Rde1 Nc6 28. f6 Kf7 29. Rxe8 Rxe8 30. fxg7+ Kxg7 31. Bd7 Re2 32. Bxc6 bxc6 33. Rc1 Rxb2 34. Rxc6 Rxa2 35. Rc5 a5 36. Rxd5 a4 37. Re5 Rd2 38. Re3 Rxd4 39. Ra3 h5 40. Kg2 Kf6 41. Kf2 Ke5 42. Kg3 Kd5 43. Kf3 Kc5 44. Ke3 Rh4 45. Ra2 Kb4 46. Kf3 Kb3 47. Re2 Rc4 48. Kg3 a3 49. Re8 a2 50. Rb8+ Rb4 0-1

[Event "GER-chT U20 Girls"]
[Site "Osnabrueck"]
[Date "2011.12.28"]
[Round "4.1"]
[White "Thole, Ann Christin"]
[Black "Schmalhorst, Sophia"]
[Result "0-1"]
[WhiteElo "1503"]
[BlackElo "1895"]
[PlyCount "128"]
[EventDate "2011.12.27"]
[EventType "team-swiss"]
[EventRounds "7"]
[EventCountry "GER"]
[SourceTitle "CBM 146 Extra"]
[Source "ChessBase"]
[SourceDate "2012.02.29"]
[SourceVersion "1"]
[SourceVersionDate "2012.02.29"]
[SourceQuality "1"]
[WhiteTeam "Lingen (W)"]
[BlackTeam "Chemnitz Aufbau (W)"]
[WhiteTeamCountry "GER"]
[BlackTeamCountry "GER"]

1. e4 e5 2. Nc3 Bc5 3. Bc4 Nf6 4. f4 d6 5. f5 c6 6. Qe2 b5 7. Bb3 g6 8. g4 gxf5 9. gxf5 Rg8 10. Nf3 Ng4 11. d3 Qf6 12. h3 Nh6 13. h4 Nxf5 14. exf5 Bxf5 15. Bg5 Qg7 16. 0-0-0 Nd7 17. Ne4 h6 18. Nxc5 Nxc5 19. Be3 Nxb3+ 20. axb3 0-0-0 21. Qd2 Qg3 22. Qf2 Qxf2 23. Bxf2 Bg4 24. Nd2 Bxd1 25. Kxd1 Kb7 26. d4 f5 27. Ke2 Rg4 28. Rg1 h5 29. Nf3 Rxg1 30. Bxg1 Re8 31. dxe5 dxe5 32. Ng5 a6 33. Bh2 c5 34. Nf7 Kc6 35. Kf3 Kd5 36. Ke3 a5 37. c4+ bxc4 38. bxc4+ Ke6 39. Ng5+ Kf6 40. Kf3 Re7 41. Bg1 Rb7 42. Bxc5 Rb3+ 43. Ke2 Rxb2+ 44. Kd3 Rh2 45. Nh7+ Kg7 46. Nf8 Rxh4 47. Ne6+ Kf6 48. Nf8 Rh3+ 49. Kd2 a4 50. Bb4 a3 51. Kc2 a2 52. Kb2 Rh2+ 53. Ka1 Rc2 54. c5 h4 55. Nd7+ Ke6 56. Nf8+ Kd5 57. Ng6 Kc4 58. c6 Kxb4 59. Nxe5 Kb3 60. Nd3 Rxc6 61. Nc5+ Kc4 62. Na4 h3 63. Nc3 Kxc3 64. Kxa2 Rb6 0-1

[Event "GER-chT Lands U21"]
[Site "Xanten"]
[Date "2011.11.03"]
[Round "7.5"]
[White "Kickert, Germaine Helene"]
[Black "Schmalhorst, Sophia"]
[Result "1-0"]
[WhiteElo "1925"]
[BlackElo "1915"]
[PlyCount "73"]
[EventDate "2011.10.31"]
[EventType "team-swiss"]
[EventRounds "7"]
[EventCountry "GER"]
[SourceTitle "EXT 2022"]
[Source "ChessBase"]
[SourceDate "2021.10.06"]
[SourceVersion "1"]
[SourceVersionDate "2021.10.06"]
[SourceQuality "1"]
[WhiteTeam "Niedersachsen U21"]
[BlackTeam "Hessen U21"]
[WhiteTeamCountry "GER"]
[BlackTeamCountry "GER"]

1. e4 e5 2. Nf3 Nc6 3. c3 Nf6 4. d4 exd4 5. e5 Ne4 6. Qe2 Nc5 7. cxd4 Na4 8. d5 Bb4+ 9. Kd1 0-0 10. Qc2 Nb6 11. dxc6 dxc6+ 12. Bd2 Bg4 13. Kc1 Qe7 14. Bxb4 Qxb4 15. Nbd2 Rad8 16. Bd3 Rd5 17. a3 Qf4 18. Bxh7+ Kh8 19. Qe4 Rc5+ 20. Kb1 Qh6 21. Bf5 Bxf3 22. Nxf3 Rc4 23. Qd3 g6 24. Bh3 Rc5 25. e6 Rd5 26. Qc3+ Kh7 27. exf7 Rfd8 28. Ka2 Qf4 29. Be6 Rd3 30. Qc1 Qf6 31. Ng5+ Kg7 32. f4 Rd2 33. Bb3 Re2 34. Re1 Rdd2 35. Rxe2 Rxe2 36. f8Q+ Kxf8 37. Nh7+ 1-0

[Event "GER-chT Lands U21"]
[Site "Xanten"]
[Date "2011.11.01"]
[Round "3.5"]
[White "Schmalhorst, Sophia"]
[Black "Bauer, Bjoern Benny"]
[Result "0-1"]
[WhiteElo "1915"]
[BlackElo "1989"]
[PlyCount "88"]
[EventDate "2011.10.31"]
[EventType "team-swiss"]
[EventRounds "7"]
[EventCountry "GER"]
[SourceTitle "EXT 2022"]
[Source "ChessBase"]
[SourceDate "2021.10.06"]
[SourceVersion "1"]
[SourceVersionDate "2021.10.06"]
[SourceQuality "1"]
[WhiteTeam "Hessen U21"]
[BlackTeam "Rheinland Pfalz U21"]
[WhiteTeamCountry "GER"]
[BlackTeamCountry "GER"]

1. e4 c5 2. Nf3 Nc6 3. d4 cxd4 4. Nxd4 Nf6 5. Nc3 e5 6. Ndb5 d6 7. Bg5 a6 8. Na3 b5 9. Nd5 Be7 10. Bxf6 Bxf6 11. c3 Bg5 12. Nc2 Ne7 13. Nxe7 Qxe7 14. Nb4 0-0 15. a4 bxa4 16. Rxa4 a5 17. Nd5 Qb7 18. b3 Bd7 19. Ra2 Kh8 20. Bc4 f5 21. exf5 Bxf5 22. 0-0 Qc6 23. Qe2 Be6 24. Rd1 Bh4 25. Qh5 Bd8 26. Bd3 Bg8 27. Be4 Qd7 28. Rad2 Rb8 29. Ne3 Bc7 30. Nc4 Qe7 31. Nxd6 Bxd6 32. Rxd6 Rxb3 33. R6d3 Qc5 34. Bf3 Rxc3 35. Rxc3 Qxc3 36. Qg5 a4 37. Qe7 Rb8 38. Qa7 Qb4 39. h3 a3 40. Bd5 Rd8 41. Ra1 Rxd5 42. Rxa3 Qf4 43. Ra1 h6 44. Qc7 Rd2 0-1

[Event "GER-chT Lands U21"]
[Site "Xanten"]
[Date "2011.10.31"]
[Round "2.5"]
[White "Wegner, Florian"]
[Black "Schmalhorst, Sophia"]
[Result "0-1"]
[WhiteElo "1660"]
[BlackElo "1915"]
[PlyCount "66"]
[EventDate "2011.10.31"]
[EventType "team-swiss"]
[EventRounds "7"]
[EventCountry "GER"]
[SourceTitle "EXT 2022"]
[Source "ChessBase"]
[SourceDate "2021.10.06"]
[SourceVersion "1"]
[SourceVersionDate "2021.10.06"]
[SourceQuality "1"]
[WhiteTeam "Schleswig Holstein/NDS U21"]
[BlackTeam "Hessen U21"]
[WhiteTeamCountry "GER"]
[BlackTeamCountry "GER"]

1. e4 e5 2. Nf3 Nc6 3. Be2 Nf6 4. d3 Bc5 5. 0-0 d6 6. Nbd2 0-0 7. c3 Bb6 8. h3 Ne7 9. Nc4 Ng6 10. Nxb6 axb6 11. a3 h6 12. Re1 Re8 13. Bf1 Nh5 14. g3 Nf6 15. Bg2 d5 16. exd5 Nxd5 17. d4 exd4 18. Rxe8+ Qxe8 19. Nxd4 Nf6 20. Be3 Ra5 21. Qf1 Ne4 22. Re1 Re5 23. Nc2 Bd7 24. Bd4 Re7 25. b4 Ba4 26. Ne3 Nd6 27. h4 Bb5 28. Re2 Bxe2 29. Qxe2 Nf5 30. Bxb7 c5 31. bxc5 bxc5 32. Bxc5 Rxb7 33. Qf3 Rb1+ 0-1